00327nam a2200121Ia 4500008004000000020001800040082001700058100001900075245006400094250000500158260003100163300001100194210210b1997 xxu||||| |||| 00| 0 eng d a81 7328 086 X a338.954 AGRI aAGRAWAL (A N). aIndian economy: problems of development and planning. Ed.23 a aNDbWishwa Prakashanc1997 axv,750